00510nam a22001697a 450000500170000001000150001702000260003203500140005803700090007208200150008110000210009624500440011725000060016126000540016727000990022130000200032020260612114625.0 aENG-148836 c350.00a9789392810602 aEN-132368 bDBAD a823.91421 aYechury, Sitaram aThere By Hangs A Tale/cSitaram Yechury a1 aHyderabadbNava Telangana Publishing House c2025 aM.H. Bhavan, Plot No. 21/1, Azamabad, Near RTC Kalyana MantapambHyderabade500020k9490099378 a272p.c22cm(pb)